000 00487nam a2200169Ia 4500
999 _c27567
_d27567
003 OSt
005 20210101095259.0
008 190216s9999||||xx |||||||||||||| ||und||
040 _coclc
082 _a894.812301
_bRAD/T
100 _aRadhakrishnan, C
_96488
245 0 _aThiranjedutha Kathakal /
_cC Radhakrishnan
260 _bHi Tech Books,
_aKochi:
_c1996.
300 _a397p
650 _aKathakal
942 _cBK
_2ddc
_h894.812301
_iRAD/T
_k894.812301
_mRAD/T